Género y juventudes en la migración: de la exclusión y vulnerabilidad a la resistencia /

La ponencia expuesta a continuación surge como un esfuerzo para comprender el fenómeno de la migración, abordando aspectos no solo estadísticos sino también cualitativos que intentan ampliar esta visión simplista numérica de lo que significa la migración como proceso mundial, para esto las autoras s...

Täydet tiedot

Tallennettuna:
Bibliografiset tiedot
Päätekijä: Agüero Castillo, Jazmín
Muut tekijät: Yirlanny, Navarro Valverde
Aineistotyyppi: Teksti
Aiheet:
Tagit: Lisää tagi
Ei tageja, Lisää ensimmäinen tagi!

MARC

LEADER 00000 a a2200000 04500
001 41030
003
040
100 |a Agüero Castillo, Jazmín  
245 |a Género y juventudes en la migración:   |b de la exclusión y vulnerabilidad a la resistencia /  |c Jazmín Agüero Castillo ; Yirlanny Navarro Valverde  
520 4 |a La ponencia expuesta a continuación surge como un esfuerzo para comprender el fenómeno de la migración, abordando aspectos no solo estadísticos sino también cualitativos que intentan ampliar esta visión simplista numérica de lo que significa la migración como proceso mundial, para esto las autoras se han basado en los siguientes ejes centrales: migraciones en Costa Rica, movimientos de juventudes y las mujeres en el contexto de la globalización, y la construcción de las identidades.  
590 |a RRA/SETIEMBRE2012  
650 |a 1.MIGRACION  
650 |a 2.INVESTIGACION  
650 |a 3.GLOBALIZACION  
650 |a 4.MUJERES  
650 |a 5.JUVENTUD  
650 |a 6.IDENTIDAD  
650 |a 7.COSTA RICA  
700 |a Yirlanny, Navarro Valverde  
773 |g número6 ( , 2010), 17 páginas : tablas  
999 |c 38290  |d 38290